Statistics for All Premier League Player of the Season Award Winners

Click here to take the quiz!

General Stats

  • This quiz has been taken 146 times
  • The average score is 23 of 28

Answer Stats

SeasonPlayerClubNationality% Correct
2006/07Cristiano RonaldoManchester UnitedPortuguese
97%
2007/08Cristiano RonaldoManchester UnitedPortuguese
97%
2003/04Thierry HenryArsenalFrench
97%
2005/06Thierry HenryArsenalFrench
97%
2017/18Mohamed SalahLiverpoolEgyptian
95%
2021/22Kevin De BruyneManchester CityBelgian
94%
2019/20Kevin De BruyneManchester CityBelgian
94%
2013/14Luis SuárezLiverpoolUruguayan
92%
2009/10Wayne RooneyManchester UnitedEnglish
92%
2012/13Gareth BaleTottenham HotspurWelsh
91%
2015/16Jamie VardyLeicester CityEnglish
91%
2018/19Virgil van DijkLiverpoolDutch
91%
2004/05Frank LampardChelseaEnglish
88%
2014/15Eden HazardChelseaBelgian
86%
2010/11Nemanja VidićManchester UnitedSerbian
86%
2008/09Nemanja VidićManchester UnitedSerbian
86%
1994/95Alan ShearerBlackburn RoversEnglish
85%
2016/17N'Golo KantéChelseaFrench
85%
1995/96Peter SchmeichelManchester UnitedDanish
83%
2011/12Vincent KompanyManchester CityBelgian
83%
2020/21Rúben DiasManchester CityPortuguese
80%
2002/03Ruud van NistelrooyManchester UnitedDutch
80%
2000/01Patrick VieiraArsenalFrench
74%
1997/98Michael OwenLiverpoolEnglish
70%
1998/99Dwight YorkeManchester UnitedTrinidadian
68%
2001/02Freddie LjungbergArsenalSwedish
68%
1999/00Kevin PhillipsSunderlandEnglish
45%
1996/97Juninho PaulistaMiddlesbroughBrazilian
35%

Score Distribution

Percentile by Number Answered

Percent of People with Each Score

Your Score History

You have not taken this quiz